ბათუმის შოთა რუსთაველის სახელმწიფო უნივერსიტეტის ბიბლიოთეკა

Стилистика текста (ბიბ.ჩანაწერი № 35212)

000 -LEADER
fixed length control field 00724nam a2200241Ia 4500
001 - CONTROL NUMBER
control field 1058
003 - CONTROL NUMBER IDENTIFIER
control field GE_BSU
008 - FIXED-LENGTH DATA ELEMENTS--GENERAL INFORMATION
fixed length control field 181216s||||||||xx |||||||||||||| ||und||
020 ## - INTERNATIONAL STANDARD BOOK NUMBER
International Standard Book Number 5893490088
040 ## - CATALOGING SOURCE
Transcribing agency GE_BSU
080 ## - UNIVERSAL DECIMAL CLASSIFICATION NUMBER
Universal Decimal Classification number 811.161.1
100 ## - MAIN ENTRY--PERSONAL NAME
Personal name Солганик,Г.Я.
245 ## - TITLE STATEMENT
Title Стилистика текста
245 ## - TITLE STATEMENT
Remainder of title Учебное пособие для студ. абитуриентов и учащихся старших классов школ гуманитарного профиля
250 ## - EDITION STATEMENT
Edition statement 5-е изд.
260 ## - PUBLICATION, DISTRIBUTION, ETC.
Place of publication, distribution, etc. Москва
260 ## - PUBLICATION, DISTRIBUTION, ETC.
Name of publisher, distributor, etc. Флинта
260 ## - PUBLICATION, DISTRIBUTION, ETC.
Date of publication, distribution, etc. 2003
300 ## - PHYSICAL DESCRIPTION
Extent 254стр.
653 ## - INDEX TERM--UNCONTROLLED
Uncontrolled term Стилистика текста
942 ## - ADDED ENTRY ELEMENTS (KOHA)
Koha item type წიგნი
ეგზემპლარები
Withdrawn status Lost status Damaged status Not for loan Date acquired Barcode Date last seen Price effective from Koha item type
        2018-12-17 1683 2018-12-17 2018-12-17 წიგნი